History - European | 6 | 2 | 0 | 0 | 110 | 10 | 62.88 | 1 | 3 |
History - World | 1 | 4 | 0 | 0 | 55 | 41 | 84.20 | 0 | 0 |
RMP - Philosophy | 2 | 2 | 0 | 0 | 50 | 49 | 80.25 | 0 | 1 |
Current Events - World | 1 | 2 | 0 | 0 | 35 | 36 | 64.33 | 0 | 0 |
Social Science - Economics | 1 | 2 | 0 | 0 | 35 | 62 | 85.00 | 0 | 1 |
History - Cross, Historiography, and Miscellaneous | 0 | 3 | 0 | 0 | 30 | 79 | 106.67 | 0 | 0 |
Other - Other Academic and General Knowledge | 1 | 1 | 0 | 0 | 25 | 60 | 65.00 | 0 | 0 |
History - American | 0 | 2 | 0 | 0 | 20 | 73 | 82.00 | 0 | 0 |
RMP - Other Religion | 1 | 0 | 0 | 0 | 15 | 50 | 50.00 | 0 | 0 |
Science - Chemistry | 0 | 1 | 0 | 0 | 10 | 90 | 90.00 | 0 | 0 |
RMP - Islam | 0 | 1 | 0 | 0 | 10 | 83 | 83.00 | 0 | 0 |
Social Science - Psychology | 0 | 0 | 0 | 0 | 0 | | 0.00 | 0 | 0 |
Fine Arts - Miscellaneous | 0 | 0 | 0 | 0 | 0 | | 0.00 | 0 | 0 |
Fine Arts - Painting | 0 | 0 | 0 | 0 | 0 | | 0.00 | 0 | 0 |
RMP - Hinduism | 0 | 0 | 0 | 0 | 0 | | 0.00 | 0 | 0 |
RMP - Jewish Practice | 0 | 0 | 0 | 0 | 0 | | 0.00 | 0 | 0 |
RMP - World Mythology | 0 | 0 | 0 | 0 | 0 | | 0.00 | 0 | 0 |
Science - Physics | 0 | 0 | 0 | 0 | 0 | | 0.00 | 0 | 0 |
Social Science - Other | 0 | 0 | 0 | 0 | 0 | | 0.00 | 0 | 0 |
Current Events - U.S. | 0 | 0 | 0 | 0 | 0 | | 0.00 | 0 | 0 |